[Event "FRA-ch U20"]
[Site "Agen"]
[Date "2021.10.30"]
[Round "8.5"]
[White "Canivet, Arnaud"]
[Black "Fournier, Loic"]
[Result "1-0"]
[WhiteElo "1892"]
[BlackElo "2063"]
[PlyCount "105"]
[EventDate "2021.10.25"]
[EventType "swiss"]
[EventRounds "9"]
[EventCountry "FRA"]
[SourceTitle "EXT 2023"]
[Source "ChessBase"]
[SourceDate "2022.10.05"]
[SourceVersion "1"]
[SourceVersionDate "2022.10.05"]
[SourceQuality "1"]

1. e4 c5 2. c4 Nc6 3. Nf3 e5 4. Nc3 g6 5. g3 Bg7 6. Bg2 d6 7. h3 Nge7 8. d3 0-0 9. 0-0 f5 10. exf5 Bxf5 11. g4 Bc8 12. Bg5 h6 13. Be3 g5 14. Qd2 Nd4 15. Ne1 Ne6 16. Nd5 Ng6 17. Be4 Ngf4 18. Kh2 Kf7 19. f3 Rh8 20. Bxf4 gxf4 21. Nc2 Ng5 22. Rh1 h5 23. Kg2 Be6 24. Rag1 Qd7 25. Kf1 Rh6 26. Qg2 Rah8 27. gxh5 Bxh3 28. Rxh3 Qxh3 29. Qxh3 Nxh3 30. Bg6+ Ke6 31. Rg4 Bf6 32. Nc7+ Kd7 33. Nd5 Bd8 34. Bf5+ Kc6 35. Rg7 b5 36. Bc8 Be7 37. Nxe7+ Kc7 38. Bxh3 Kd8 39. Nc6+ Ke8 40. cxb5 Rxh5 41. Bg2 R5h7 42. Rxa7 Rxa7 43. Nxa7 Kd7 44. a4 Kc7 45. Nc6 Kb6 46. Na3 d5 47. Nxe5 Ka5 48. Nc6+ Kxa4 49. b6 Rh7 50. Nd8 Rh8 51. Ne6 Rb8 52. Nxc5+ Kb4 53. Na6+ 1-0

[Event "FRA-ch U20"]
[Site "Agen"]
[Date "2021.10.29"]
[Round "7.3"]
[White "Fournier, Loic"]
[Black "Bournel, Antoine"]
[Result "0-1"]
[WhiteElo "2063"]
[BlackElo "2336"]
[PlyCount "62"]
[EventDate "2021.10.25"]
[EventType "swiss"]
[EventRounds "9"]
[EventCountry "FRA"]
[SourceTitle "EXT 2023"]
[Source "ChessBase"]
[SourceDate "2022.10.05"]
[SourceVersion "1"]
[SourceVersionDate "2022.10.05"]
[SourceQuality "1"]

1. d4 d5 2. Bf4 c5 3. e3 cxd4 4. exd4 Nc6 5. c3 Bf5 6. Qb3 Qd7 7. Nf3 e6 8. Nbd2 f6 9. Be2 g5 10. Bg3 h5 11. h3 Nge7 12. Nf1 Be4 13. Ne3 Nf5 14. Nxf5 exf5 15. Nd2 Bxg2 16. Rg1 Bxh3 17. 0-0-0 f4 18. Bh2 Bf5 19. Qa4 0-0-0 20. Nb3 Kb8 21. Bf3 Ka8 22. Nc5 Bxc5 23. dxc5 Ne5 24. Qxd7 Rxd7 25. Be2 Bg4 26. f3 Bxf3 27. Bxf3 Nxf3 28. Rg2 h4 29. Bg1 h3 30. Re2 h2 31. Bxh2 Nxh2 0-1

[Event "FRA-ch U20"]
[Site "Agen"]
[Date "2021.10.28"]
[Round "6.5"]
[White "Dreyfus, Jacques"]
[Black "Fournier, Loic"]
[Result "0-1"]
[WhiteElo "2036"]
[BlackElo "2063"]
[PlyCount "90"]
[EventDate "2021.10.25"]
[EventType "swiss"]
[EventRounds "9"]
[EventCountry "FRA"]
[SourceTitle "EXT 2023"]
[Source "ChessBase"]
[SourceDate "2022.10.05"]
[SourceVersion "1"]
[SourceVersionDate "2022.10.05"]
[SourceQuality "1"]

1. Nf3 e6 2. c4 Nf6 3. Nc3 d5 4. cxd5 exd5 5. d4 c6 6. Bg5 Be7 7. e3 Bf5 8. Bd3 Bxd3 9. Qxd3 0-0 10. 0-0 Ne4 11. Bxe7 Qxe7 12. Nd2 f5 13. f3 Nxd2 14. Qxd2 Nd7 15. Rae1 Rae8 16. Re2 Qb4 17. Rfe1 Nf6 18. Qc2 g6 19. a3 Qa5 20. Qb1 Kg7 21. Qc1 Rf7 22. b4 Qa6 23. a4 Qc4 24. Na2 Qa6 25. Nc3 Qd3 26. Qd2 Qc4 27. b5 Rfe7 28. g3 cxb5 29. axb5 Rc8 30. Rc1 Rec7 31. Ree1 Qb3 32. Qa2 Qb4 33. Nxd5 Nxd5 34. Rb1 Nc3 35. Rxb4 Nxa2 36. Rb2 Rc2 37. Reb1 Rc1+ 38. Rxc1 Rxc1+ 39. Kf2 Nc3 40. Rb3 Rc2+ 41. Kg1 b6 42. Rb4 Kf6 43. Kh1 Nd5 44. Rb3 Rc3 45. Rb2 Nxe3 0-1

[Event "FRA-ch U20"]
[Site "Agen"]
[Date "2021.10.27"]
[Round "5.6"]
[White "Fournier, Loic"]
[Black "Bellahcene, Meriem"]
[Result "1-0"]
[WhiteElo "2063"]
[BlackElo "1928"]
[PlyCount "97"]
[EventDate "2021.10.25"]
[EventType "swiss"]
[EventRounds "9"]
[EventCountry "FRA"]
[SourceTitle "EXT 2023"]
[Source "ChessBase"]
[SourceDate "2022.10.05"]
[SourceVersion "1"]
[SourceVersionDate "2022.10.05"]
[SourceQuality "1"]

1. e4 e5 2. Nf3 Nc6 3. d4 exd4 4. Bc4 Be7 5. 0-0 d6 6. Nxd4 Nf6 7. Nc3 Ne5 8. Be2 0-0 9. f4 Ng6 10. Qd3 c6 11. Kh1 Qc7 12. a4 Nd7 13. Qg3 Bh4 14. Qf3 Nc5 15. b4 Ne6 16. Nb3 f5 17. exf5 Rxf5 18. g3 Be7 19. Bd3 Rf8 20. Qh5 Nd8 21. Bd2 Bf6 22. Rae1 Qd7 23. Ne4 Qh3 24. Nxf6+ Rxf6 25. Qe2 Bd7 26. Bc3 Re6 27. Qf2 c5 28. b5 Rxe1 29. Rxe1 Nf7 30. Be4 Rb8 31. Na5 b6 32. Nc6 Re8 33. Nxa7 Rxe4 34. Rxe4 d5 35. Re1 d4 36. Bb2 Nd6 37. Qg2 Qf5 38. Nc6 Be6 39. Ne5 Ne7 40. Qe2 Bd5+ 41. Kg1 Ne4 42. Nc4 Nc8 43. a5 Qe6 44. axb6 Bxc4 45. Qxe4 Qxe4 46. Rxe4 Nxb6 47. Ba3 Bd5 48. Re5 Bc4 49. Bxc5 1-0

[Event "FRA-ch U20"]
[Site "Agen"]
[Date "2021.10.26"]
[Round "4.5"]
[White "Gault, Emmanuel"]
[Black "Fournier, Loic"]
[Result "1-0"]
[WhiteElo "1981"]
[BlackElo "2063"]
[PlyCount "85"]
[EventDate "2021.10.25"]
[EventType "swiss"]
[EventRounds "9"]
[EventCountry "FRA"]
[SourceTitle "EXT 2023"]
[Source "ChessBase"]
[SourceDate "2022.10.05"]
[SourceVersion "1"]
[SourceVersionDate "2022.10.05"]
[SourceQuality "1"]

1. c4 g6 2. Nc3 Bg7 3. e4 c5 4. g3 Nc6 5. Bg2 e5 6. Nge2 Nge7 7. 0-0 0-0 8. d3 f5 9. f4 d6 10. a3 Kh8 11. Rb1 fxe4 12. Nxe4 Nd4 13. Nxd4 cxd4 14. fxe5 dxe5 15. b4 Nf5 16. Qe2 h6 17. Bd2 Rb8 18. b5 b6 19. Bb4 Rg8 20. h3 Be6 21. Bd2 Qe7 22. a4 Bc8 23. g4 Nh4 24. Bh1 Bb7 25. Bb4 Qe6 26. Qf2 g5 27. Qf7 Qg6 28. Rf2 Bf8 29. Bxf8 Qxf7 30. Rxf7 Rgxf8 31. Rbf1 Ng6 32. R1f6 Rxf7 33. Rxf7 Kg8 34. Rc7 Bxe4 35. Bxe4 Nf4 36. Kh2 Rf8 37. Rxa7 Ne2 38. Bd5+ Kh8 39. Ra8 Rxa8 40. Bxa8 e4 41. Bxe4 Nc3 42. a5 Nxe4 43. a6 1-0

[Event "FRA-ch U20"]
[Site "Agen"]
[Date "2021.10.24"]
[Round "1.7"]
[White "Fournier, Loic"]
[Black "Montaigne, Adrien"]
[Result "1-0"]
[WhiteElo "2063"]
[BlackElo "1731"]
[PlyCount "55"]
[EventDate "2021.10.25"]
[EventType "swiss"]
[EventRounds "9"]
[EventCountry "FRA"]
[SourceTitle "EXT 2023"]
[Source "ChessBase"]
[SourceDate "2022.10.05"]
[SourceVersion "1"]
[SourceVersionDate "2022.10.05"]
[SourceQuality "1"]

1. d4 d5 2. Bf4 Nf6 3. e3 e6 4. Nf3 Bd6 5. Bg3 0-0 6. Nbd2 b6 7. Bd3 Bb7 8. Ne5 c5 9. c3 Nc6 10. Rc1 Rc8 11. f4 Ne7 12. Qc2 c4 13. Be2 Nf5 14. Bf2 Be7 15. Bf3 b5 16. b3 cxb3 17. axb3 Qa5 18. 0-0 Bb4 19. cxb4 Rxc2 20. bxa5 Rxd2 21. Rc7 Nd6 22. Be1 Rb2 23. Bb4 Nfe8 24. Rd7 Bc8 25. Bxd6 Bxd7 26. Bxf8 Kxf8 27. Nxd7+ Ke7 28. Nc5 1-0

[Event "Montagne Rapid op 2nd"]
[Site "Montagne"]
[Date "2021.08.22"]
[Round "9"]
[White "Fournier, Loic"]
[Black "Lacroix, Romain"]
[Result "1-0"]
[WhiteElo "2089"]
[BlackElo "2209"]
[PlyCount "39"]
[EventDate "2021.08.22"]
[EventType "swiss (rapid)"]
[EventRounds "9"]
[EventCountry "FRA"]
[SourceTitle "CBM 203 Extra"]
[Source "ChessBase"]
[SourceDate "2021.09.30"]
[SourceVersion "1"]
[SourceVersionDate "2021.09.30"]
[SourceQuality "1"]

1. d4 Nf6 2. Bf4 e6 3. e3 d5 4. Nf3 Bd6 5. Bg3 0-0 6. Nbd2 c5 7. c3 Nc6 8. Bd3 Re8 9. Ne5 Ne7 10. f4 Nf5 11. Bf2 Bf8 12. Qf3 Nd7 13. Qh3 Nxe5 14. fxe5 g6 15. 0-0 f6 16. g4 Ng7 17. exf6 e5 18. f7+ Kh8 19. Bxg6 Qe7 20. Qxh7# 1-0

[Event "FRA-ch Blitz Online Qual"]
[Site "Europe Echecs INT"]
[Date "2020.05.16"]
[Round "13"]
[White "Fournier, Loic"]
[Black "Auder, Benjamin"]
[Result "1-0"]
[WhiteElo "2116"]
[BlackElo "1934"]
[PlyCount "69"]
[EventDate "2020.05.16"]
[EventType "swiss (blitz)"]
[EventRounds "15"]
[EventCountry "FRA"]
[SourceTitle "CBM 196 Extra"]
[Source "ChessBase"]
[SourceDate "2020.07.31"]
[SourceVersion "1"]
[SourceVersionDate "2020.07.31"]
[SourceQuality "1"]

1. d4 Nc6 2. Nf3 d6 3. h3 e5 4. c3 Bf5 5. Bg5 Be7 6. Bxe7 Qxe7 7. d5 Nd8 8. e4 Bd7 9. Qc2 Nf6 10. Nbd2 0-0 11. Bd3 Nh5 12. g3 c5 13. dxc6 bxc6 14. 0-0-0 Be6 15. Nc4 f6 16. b3 Nb7 17. Be2 g6 18. Ne3 Rfd8 19. Nd2 Ng7 20. h4 d5 21. h5 d4 22. Nec4 g5 23. h6 Ne8 24. f4 Ned6 25. fxe5 Nxc4 26. Nxc4 fxe5 27. Nxe5 Qc5 28. Nc4 Na5 29. cxd4 Qb4 30. Nxa5 Qxa5 31. Bc4 Re8 32. d5 cxd5 33. exd5 Bf7 34. Qb2 Qb6 35. Qg7# 1-0

[Event "FRA-ch Blitz Online Qual"]
[Site "Europe Echecs INT"]
[Date "2020.05.16"]
[Round "15"]
[White "Fournier, Loic"]
[Black "Ratsavong, Moukda"]
[Result "1-0"]
[WhiteElo "2116"]
[BlackElo "1789"]
[PlyCount "67"]
[EventDate "2020.05.16"]
[EventType "swiss (blitz)"]
[EventRounds "15"]
[EventCountry "FRA"]
[SourceTitle "CBM 196 Extra"]
[Source "ChessBase"]
[SourceDate "2020.07.31"]
[SourceVersion "1"]
[SourceVersionDate "2020.07.31"]
[SourceQuality "1"]

1. d4 d5 2. Bf4 e6 3. e3 Bd6 4. Bg3 Nf6 5. Nf3 c5 6. c3 Nc6 7. Nbd2 Qe7 8. Ne5 0-0 9. Bd3 Qc7 10. f4 b6 11. Qf3 Bb7 12. Bh4 Nd7 13. 0-0 f5 14. g4 Bxe5 15. fxe5 g6 16. gxf5 exf5 17. Qxd5+ Kh8 18. Qd6 Qxd6 19. exd6 Rae8 20. Rae1 Nf6 21. dxc5 bxc5 22. e4 Ne5 23. Bb5 Rd8 24. exf5 Neg4 25. d7 Rf7 26. fxg6 hxg6 27. Re8+ Nxe8 28. Rxf7 Nd6 29. Rf4 Nxb5 30. Bxd8 Ne5 31. Bf6+ Kh7 32. d8Q Nf7 33. Rh4+ Nh6 34. Qh8# 1-0

[Event "FRA-ch Blitz Online Qual"]
[Site "Europe Echecs INT"]
[Date "2020.05.16"]
[Round "14"]
[White "Hasseine, Madiane"]
[Black "Fournier, Loic"]
[Result "1-0"]
[WhiteElo "2157"]
[BlackElo "2116"]
[PlyCount "77"]
[EventDate "2020.05.16"]
[EventType "swiss (blitz)"]
[EventRounds "15"]
[EventCountry "FRA"]
[SourceTitle "CBM 196 Extra"]
[Source "ChessBase"]
[SourceDate "2020.07.31"]
[SourceVersion "1"]
[SourceVersionDate "2020.07.31"]
[SourceQuality "1"]

1. d4 Nf6 2. Nf3 c5 3. d5 e6 4. c4 exd5 5. cxd5 d6 6. Nc3 g6 7. Bf4 Bg7 8. Qa4+ Bd7 9. Qb3 Qc7 10. e4 0-0 11. Nd2 Re8 12. Be2 Bg4 13. f3 Bd7 14. 0-0 Nh5 15. Bg5 h6 16. Bh4 Nf4 17. Bc4 g5 18. Bf2 Na6 19. Nb5 Qb6 20. a4 Qa5 21. Be1 Bf8 22. e5 Qb4 23. Qxb4 Nxb4 24. Nc7 dxe5 25. Nxa8 Rxa8 26. Ne4 Bf5 27. Bxb4 cxb4 28. g3 Ng6 29. Rac1 Kg7 30. Bb3 Bh3 31. Rf2 f5 32. Nc5 f4 33. g4 Bd6 34. Ne4 Bf8 35. Rc7+ Kh8 36. Rfc2 h5 37. Nxg5 hxg4 38. Rh7+ Kg8 39. d6# 1-0

[Event "FRA-ch Blitz Online Qual"]
[Site "Europe Echecs INT"]
[Date "2020.05.16"]
[Round "2"]
[White "Spagnoli, Benjamin"]
[Black "Fournier, Loic"]
[Result "1-0"]
[WhiteElo "1770"]
[BlackElo "2116"]
[PlyCount "83"]
[EventDate "2020.05.16"]
[EventType "swiss (blitz)"]
[EventRounds "15"]
[EventCountry "FRA"]
[SourceTitle "CBM 196 Extra"]
[Source "ChessBase"]
[SourceDate "2020.07.31"]
[SourceVersion "1"]
[SourceVersionDate "2020.07.31"]
[SourceQuality "1"]

1. d4 Nf6 2. c4 c5 3. Nc3 e6 4. d5 exd5 5. cxd5 d6 6. e4 g6 7. f4 Bg7 8. Bb5+ Nfd7 9. a4 0-0 10. Nf3 Na6 11. 0-0 Nb4 12. Re1 Nf6 13. h3 a6 14. Bf1 b6 15. Qb3 Re8 16. Bd2 Re7 17. Rad1 Bb7 18. f5 Nxe4 19. Nxe4 Bxd5 20. Bc4 Bxe4 21. fxg6 Bxg6 22. Rxe7 Qxe7 23. Re1 Qd7 24. Bxb4 cxb4 25. Qxb4 Rc8 26. Bxa6 Rc2 27. Bb5 Qc7 28. Re8+ Bf8 29. Qd4 Qc5 30. Qxc5 dxc5 31. Ne5 Rxb2 32. Nd7 Kg7 33. Rxf8 Be4 34. Re8 Rxg2+ 35. Kf1 Rd2 36. Rxe4 Rb2 37. Rg4+ Kh6 38. Nf6 Rb1+ 39. Kf2 Rb2+ 40. Kg3 Rb3+ 41. Kh4 c4 42. Ng8# 1-0

[Event "FRA-ch U18"]
[Site "Hyeres"]
[Date "2019.04.19"]
[Round "7"]
[White "Fournier, Loic"]
[Black "Arnaud, Aurelien"]
[Result "0-1"]
[WhiteElo "2024"]
[BlackElo "2174"]
[PlyCount "84"]
[EventDate "2019.04.14"]
[EventType "swiss"]
[EventRounds "9"]
[EventCountry "FRA"]
[SourceTitle "CBM 190 Extra"]
[Source "ChessBase"]
[SourceDate "2019.07.15"]
[SourceVersion "1"]
[SourceVersionDate "2019.07.15"]
[SourceQuality "1"]

1. d4 Nf6 2. Nf3 e6 3. Bf4 d5 4. e3 Bd6 5. Bg3 c5 6. c3 Qc7 7. Nbd2 Nbd7 8. Be2 0-0 9. a4 Re8 10. a5 e5 11. 0-0 b6 12. Bb5 Re7 13. Qa4 e4 14. Nh4 g6 15. axb6 Nxb6 16. Qa3 Bxg3 17. fxg3 Ng4 18. dxc5 Nd7 19. c6 Nb6 20. Qc5 Ne5 21. c4 Be6 22. cxd5 Bxd5 23. Ra6 Rd8 24. Rfa1 Nc8 25. R6a4 f5 26. Rd4 Nb6 27. Nb1 Qd6 28. Qxd6 Rxd6 29. Nc3 Kf7 30. Rad1 Ke6 31. g4 Nxg4 32. Nxd5 Rxd5 33. Bc4 Nxc4 34. Rxd5 Ngxe3 35. Rc5 Nxd1 36. c7 Nd6 37. Rc6 Re8 38. Kf1 Nxb2 39. g4 Kd7 40. Rc2 Nd3 41. Ng2 f4 42. Ra2 Rc8 0-1

[Event "Riscle-A"]
[Site "Riscle"]
[Date "2018.08.11"]
[Round "7"]
[White "Fournier, Loic"]
[Black "Youssoupov, Moisse"]
[Result "1/2-1/2"]
[WhiteElo "1966"]
[BlackElo "2235"]
[PlyCount "46"]
[EventDate "2018.08.06"]
[EventType "tourn"]
[EventRounds "7"]
[EventCountry "FRA"]
[SourceTitle "EXT 2020"]
[Source "ChessBase"]
[SourceDate "2019.10.17"]
[SourceVersion "1"]
[SourceVersionDate "2019.10.17"]
[SourceQuality "1"]

1. d4 g6 2. Nf3 Bg7 3. Bf4 Nf6 4. e3 d6 5. h3 0-0 6. Be2 Nbd7 7. 0-0 b6 8. c3 Bb7 9. Nbd2 Ne4 10. Qc2 Nxd2 11. Qxd2 e5 12. Bh2 e4 13. Ne1 f5 14. c4 a5 15. Nc2 Qh4 16. Na3 g5 17. Nb5 Rac8 18. Rac1 Kh8 19. a3 Ba6 20. Na7 Rcd8 21. Nb5 Rc8 22. Na7 Rcd8 23. Nb5 Rc8 1/2-1/2

[Event "Riscle-A"]
[Site "Riscle"]
[Date "2018.08.06"]
[Round "1"]
[White "Ringuet, Noe"]
[Black "Fournier, Loic"]
[Result "1/2-1/2"]
[WhiteElo "2212"]
[BlackElo "1966"]
[PlyCount "118"]
[EventDate "2018.08.06"]
[EventType "tourn"]
[EventRounds "7"]
[EventCountry "FRA"]
[SourceTitle "EXT 2020"]
[Source "ChessBase"]
[SourceDate "2019.10.17"]
[SourceVersion "1"]
[SourceVersionDate "2019.10.17"]
[SourceQuality "1"]

1. e4 e6 2. Nf3 d5 3. e5 c5 4. b4 cxb4 5. a3 d4 6. axb4 Bxb4 7. Ba3 Be7 8. Bd3 Nc6 9. 0-0 Nh6 10. Qe2 Nf5 11. g4 Nh4 12. Nxh4 Bxa3 13. Nxa3 Qxh4 14. Nc4 0-0 15. Kg2 f6 16. f4 Bd7 17. Be4 g6 18. exf6 Qxf6 19. g5 Qe7 20. h4 e5 21. Bd5+ Be6 22. Qe4 Rad8 23. Bxe6+ Qxe6 24. Nxe5 Nxe5 25. fxe5 Rf5 26. Rxf5 gxf5 27. Qf4 Qc6+ 28. Kf2 Qc5 29. Kg3 Qxc2 30. Rxa7 Qd3+ 31. Kf2 Rc8 32. e6 Qb5 33. Qxd4 Re8 34. Qd7 Qb6+ 35. Kg2 Qxe6 36. Qxe6+ Rxe6 37. Rxb7 Re4 38. Kg3 Rg4+ 39. Kh3 Rd4 40. Rb5 Rd3+ 41. Kg2 Rxd2+ 42. Kf3 Rd4 43. h5 Rh4 44. h6 Kf7 45. Rb6 Rg4 46. Rf6+ Kg8 47. Rxf5 Rg1 48. Ra5 Rf1+ 49. Kg4 Rf8 50. Ra7 Kh8 51. Ra6 Kg8 52. g6 hxg6 53. Kg5 Kh8 54. Ra7 Rg8 55. Rb7 Rc8 56. Rb5 Rg8 57. Re5 Rd8 58. Kxg6 Rb8 59. Re6 Rc8 1/2-1/2

[Event "Bordeaux op Febr 1st"]
[Site "Bordeaux"]
[Date "2018.02.11"]
[Round "4"]
[White "Fournier, Loic"]
[Black "Devallee, Jeremie"]
[Result "1-0"]
[WhiteElo "1962"]
[BlackElo "2186"]
[PlyCount "97"]
[EventDate "2018.02.10"]
[EventType "swiss"]
[EventRounds "7"]
[EventCountry "FRA"]
[SourceTitle "CBM 183 Extra"]
[Source "ChessBase"]
[SourceDate "2018.04.19"]
[SourceVersion "1"]
[SourceVersionDate "2018.04.19"]
[SourceQuality "1"]

1. d4 Nf6 2. Nf3 c5 3. c3 b6 4. Bf4 Bb7 5. e3 d6 6. h3 Nbd7 7. Nbd2 g6 8. Be2 Bg7 9. 0-0 0-0 10. Bh2 Re8 11. Bc4 Rc8 12. Bxf7+ Kh8 13. Bxe8 Qxe8 14. Re1 Ne4 15. Nxe4 Bxe4 16. Ng5 Bb7 17. d5 Nf8 18. e4 h6 19. Nf3 Qf7 20. Re3 g5 21. Nd2 Ng6 22. Qa4 Rf8 23. Rf3 Bf6 24. Bg3 h5 25. Nc4 h4 26. Bh2 Bc8 27. Ne3 a6 28. Qc6 b5 29. a4 b4 30. cxb4 cxb4 31. Rb1 Qg7 32. Qb6 Be5 33. Rxf8+ Qxf8 34. Bxe5+ Nxe5 35. Qxb4 g4 36. hxg4 h3 37. Nf5 h2+ 38. Kh1 Nxg4 39. Qc3+ Nf6 40. Nxe7 Qxe7 41. Qxc8+ Kg7 42. Qe6 Qc7 43. Kxh2 Qc2 44. Rf1 Nxe4 45. Qg4+ Kf6 46. Re1 Ng5 47. f4 Qh7+ 48. Kg1 Qa7+ 49. Kf1 1-0

[Event "Bordeaux Winter op 6th"]
[Site "Bordeaux"]
[Date "2018.01.06"]
[Round "3"]
[White "Fournier, Loic"]
[Black "Bareyre, Patrick"]
[Result "0-1"]
[WhiteElo "1913"]
[BlackElo "2165"]
[PlyCount "122"]
[EventDate "2018.01.05"]
[EventType "swiss"]
[EventRounds "7"]
[EventCountry "FRA"]
[SourceTitle "EXT 2019"]
[Source "ChessBase"]
[SourceDate "2018.10.10"]
[SourceVersion "1"]
[SourceVersionDate "2018.10.10"]
[SourceQuality "1"]

1. Nf3 e6 2. d4 b6 3. c4 Bb7 4. Nc3 Bb4 5. Qc2 f5 6. Bg5 Nf6 7. a3 Bxc3+ 8. Qxc3 d6 9. Nd2 0-0 10. f3 Nbd7 11. e3 Qe8 12. Bxf6 Rxf6 13. Be2 e5 14. d5 a5 15. b4 Qh5 16. Kd1 Rg6 17. g3 Rxg3 18. hxg3 Qxh1+ 19. Nf1 Qg2 20. Rc1 Nf6 21. Qe1 axb4 22. axb4 Ra2 23. Rc2 Ra1+ 24. Rc1 Ra3 25. Qd2 e4 26. f4 Ng4 27. Rc3 Ra1+ 28. Rc1 Nf2+ 29. Ke1 Rxc1+ 30. Qxc1 Nd3+ 31. Bxd3 exd3 32. Qd2 Qe4 33. Qc3 Bc8 34. Kf2 Bd7 35. Nd2 Qh1 36. Nf1 Qe4 37. Nd2 Qe8 38. Qxd3 b5 39. c5 Qh5 40. Nf3 dxc5 41. bxc5 c6 42. dxc6 Bxc6 43. Qd8+ Qe8 44. Qxe8+ Bxe8 45. Ke2 Kf7 46. Kd3 Ke6 47. Kc3 Kd5 48. Kb4 Ke4 49. Ne5 Kxe3 50. c6 Bxc6 51. Nxc6 Kf2 52. Nd4 g6 53. Kxb5 Kxg3 54. Ne6 h5 55. Kc4 h4 56. Kd3 h3 57. Ke2 h2 58. Nc5 h1Q 59. Nd3 Qe4+ 60. Kd2 Qxd3+ 61. Kxd3 Kxf4 0-1

[Event "FRA-ch U16"]
[Site "Gonfreville"]
[Date "2016.04.10"]
[Round "1"]
[White "O'Sullivan, Thomas"]
[Black "Fournier, Loic"]
[Result "1-0"]
[WhiteElo "1918"]
[BlackElo "1845"]
[PlyCount "133"]
[EventDate "2016.04.22"]
[EventType "swiss"]
[EventRounds "9"]
[EventCountry "FRA"]
[SourceTitle "EXT 2022"]
[Source "ChessBase"]
[SourceDate "2021.10.06"]
[SourceVersion "1"]
[SourceVersionDate "2021.10.06"]
[SourceQuality "1"]

1. d4 Nf6 2. c4 c5 3. d5 e6 4. Nc3 exd5 5. cxd5 d6 6. e4 Na6 7. f4 Nc7 8. Nf3 a6 9. a4 g6 10. e5 dxe5 11. Bc4 e4 12. Ng5 Bd6 13. Ngxe4 0-0 14. 0-0 Bf5 15. Nxf6+ Qxf6 16. g4 Bxg4 17. Qxg4 Qd4+ 18. Rf2 Qxc4 19. Qg2 Rfe8 20. Bd2 f5 21. h4 Kf7 22. Kh1 b5 23. Rc1 Qd4 24. Rd1 Qf6 25. Qf3 b4 26. Ne2 Re7 27. Rg1 Rae8 28. h5 Rh8 29. b3 Ke8 30. Bc1 Qf7 31. Bb2 Rg8 32. Rfg2 Qxd5 33. Qf2 gxh5 34. Kh2 Rxg2+ 35. Rxg2 Kd7 36. Ng3 h4 37. Nh5 Qxb3 38. Rg8 Ne8 39. Qg2 Re2 40. Nf6+ Nxf6 41. Rg7+ Be7 42. Qxe2 Ng4+ 43. Kh1 Qh3+ 44. Kg1 Qg3+ 45. Qg2 Qe1+ 46. Qf1 Qe3+ 47. Kh1 Nf2+ 48. Kh2 Qxf4+ 49. Kg1 Qd6 50. Qxf2 Kc6 51. Qf3+ Kb6 52. Qe2 Bf8 53. Rg2 c4 54. Qe3+ Kb7 55. Qf3+ Kc7 56. Bc1 Qd4+ 57. Be3 Qa1+ 58. Kh2 h3 59. Bf4+ Kb6 60. Re2 Bc5 61. Be3 Qe5+ 62. Kxh3 Ka5 63. Kg2 Qg7+ 64. Kf1 Qf8 65. Qd5 Kb6 66. Bxc5+ Qxc5 67. Re6+ 1-0